• 首页
  • 本馆介绍
  • 公告通知
  • 最新文献
  • 馆藏检索
  • 电子资源
  • 读者导购
  • 参考咨询
  • 我的图书馆
  • 登录
  • 详细信息显示
  • 放入我的书架
  • 预约/预借图书
  • 作者相关作品
  • 分类相关作品
  • 丛书相关作品
  • 出版社相关作品

书目信息

  • 表格格式
  • 工作单格式
  • 卡片格式
题名:
西安事变和周恩来同志
    
 
作者: 罗瑞卿 著
分册:  
出版信息: 北京   人民出版社  1978
页数: 101页
开本: 20cm
丛书名:
单 册:
中图分类: K821 , K827.7
科图分类:
主题词: 西安事变(1936)--史料
电子资源:
ISBN: 3001.1679
000 00840nam0 2200277 450
001 0178001501
005 20100712203156.0
010    @a3001.1679@dCNY0.31
091    @a3001.1679@dCNY0.31
100    @a20020928d1978 em y0chiy0110 ea
101 0  @achi
102    @aCN@b110000
105    @aac z 000yd
106    @ar
200 1  @a西安事变和周恩来同志@9Xi An Shi Bian He;Huo;Hu Zhou En Lai Tong Zhi @f罗瑞卿等著
210    @a北京@c人民出版社@d1978
215    @a101页@c照片及肖像@d20cm
300    @a封面及书脊题名:西安事变与周恩来同志
512 1  @a西安事变与周恩来同志@9xi an shi bian yu zhou en lai tong zhi
600  0 @a周恩来@x回忆录
606 0  @a西安事变(1936)@j史料
690    @aK821@v4
690    @aK827.7@v4
701  0 @a罗瑞卿@9luo rui qing@4著
801  0 @aCN@bAzMarc@c20130904
905    @aBZT@dK821@e18@f2@sK821/18
    
    西安事变和周恩来同志/罗瑞卿等著.-北京:人民出版社,1978
    101页:照片及肖像;20cm
    封面及书脊题名:西安事变与周恩来同志
    
    ISBN 3001.1679:CNY0.31
    
●
相关链接 在五车中查询图书 在当当中查询图书 在豆瓣中查询图书


正题名:西安事变和周恩来同志     索取号:K821/18         预约/预借

序号 登录号 条形码 馆藏地/架位号 状态 备注
1 2000137069   2000137069   旧书回溯/ [索取号:K821/18] 在馆    
2 2000137070   2000137070   旧书回溯/ [索取号:K821/18] 在馆    
山东省滨州职业学院图书馆 欢迎您!
大连网信软件有限公司© 版权所有